| 000 | 00336 a2200121 4500 | ||
|---|---|---|---|
| 003 | Nust | ||
| 005 | 20170207154602.0 | ||
| 040 | _cNust | ||
| 082 | _a025.34 | ||
| 245 | _aBeginners english stage 2 Class Cassette: Units : 20-25, side 1: units: 26-30, side 2 | ||
| 505 | _aAlmirah No.73 shelf No.6 | ||
| 650 | _aEnglish learning | ||
| 651 | _aBeginners english stage 2 | ||
| 999 |
_c198617 _d198617 |
||